00676cam a22002173a 45000010005000000030006000050050017000110080041000280400015000690420007000840500010000911000032001012450081001332600029002145060030002435160020002736530055002936530041003488300028003898560041004176381PGUSA20140828083131.0040801s2004||||xxu|||||s|||||000 | eng d aPGUSAbeng adc 4aF20011 aHearn, Lafcadio,d1850-190410aTwo Years in the French West Indiesh[electronic resource] /cLafcadio Hearn bProject Gutenberg,c2004 aPublic domain in the USA. aElectronic text aHearn, Lafcadio, 1850-1904 -- Travel -- Martinique aMartinique -- Description and travel 0aProject Gutenbergv638140uhttp://www.gutenberg.org/ebooks/6381